Pokémon Donjon Mystère : Explorateurs du Ciel : Tous les objets ! - Statistiques

Statistiques générales
  • Ce quiz a été pris 83 fois
  • Le résultat moyen est 68 sur 241
Statistiques - réponses
OBJETS % Correct
Pomme
90%
Grosse Pomme
87%
Baie Oran
81%
Résugraine
77%
Baie Pêcha
74%
Echaporbe
71%
Baie Ceriz
68%
Gelée Noire
68%
Gelée Rouge
68%
Gelée Verte
68%
Roupigraine
68%
Baie Maron
65%
Baie Sitrus
65%
Bâton
65%
Gelée Bleue
65%
Epine de Fer
61%
Gelée Orange
61%
Explograine
58%
Gelée Jaune
58%
Gelée Mauve
58%
Baie Fraive
55%
Gelée Azur
55%
Gravalroche
55%
Pétrifiorbe
55%
Max Elixir
52%
Morviture
52%
Gelée Brune
48%
Pétrigraine
48%
Pomme d'Or
48%
Zinc
48%
Allégraine
45%
Clé
45%
Gelée Argent
45%
Gelée Grise
45%
Gelée Royale
45%
Pierre Eau
45%
Pierre Feu
45%
Télégraine
45%
Téléporbe
45%
Calcium
42%
Guérigraine
42%
Pierrefoudre
42%
Pomme Géante
42%
Protéine
42%
Stupéfiorbe
42%
Pierre Nuit
39%
Electriseur
39%
Gelée Dorée
39%
Graine Vide
39%
Pierre Aube
39%
Pierre Eclat
39%
Ruban Def+
39%
Ruban Pêcha
39%
Apporbe
35%
Aurigraine
35%
Baie Orance
35%
CD Douteux
35%
Collygraine
35%
Hallucigraine
35%
Infâmigraine
35%
Magmariseur
35%
Max Elinir
35%
Pic d'Argent
35%
Pierreplante
35%
Racaillasse
35%
Rézutgraine
35%
Améliorator
32%
Convocorbe
32%
Fer
32%
Foligraine
32%
Foliorbe
32%
Gelée Claire
32%
Gelée Plante
32%
Pierre Lune
32%
Pierresoleil
32%
Puregraine
32%
Rocaillasse
32%
Ruban Ami
32%
Ruban Doré
32%
Ruban Force +
32%
Ruban Spé.
32%
Câble Link
29%
Coffre Luxe
29%
Colligraine
29%
Famigraine
29%
Flûte Glacée
29%
Lentorbe
29%
Nettoyorbe
29%
Passmuraille
29%
Peau Métal
29%
Roche Royale
29%
Roupillorbe
29%
Terracymbale
29%
Aquarmonica
26%
Boîte Chaîne
26%
Epine d'Or
26%
Gelée Ivoire
26%
Gelée Miracle
26%
Gelée Mirocle
26%
Gelée Pêche
26%
Ginseng
26%
Gracidée
26%
Hâtorbe
26%
Héliorbe
26%
Lumiorbe
26%
Protecteur
26%
Rayons X
26%
Repoussorbe
26%
Rochorbe
26%
Rouligraine
26%
Ticket Argent
26%
Ticket Or
26%
Tissu Fauche
26%
Virugraine
26%
Bloc Secret
23%
Bulldozorbe
23%
Coffre Elegant
23%
Coffre-Fort
23%
Escalorbe
23%
Fulgurorbe
23%
Gravaleroche
23%
Infâmigrant
23%
Lentilscope
23%
Masque d'Or
23%
Nectar
23%
Pévégraine
23%
Pièce Mystère
23%
Radarorbe
23%
Révélorbe
23%
Ruban Lune
23%
Ruban Simple
23%
Rubansoin
23%
Ruban Soleil
23%
Tamtam Ardent
23%
Ticket Irisé
23%
Ticket Magot
23%
Aéromélodica
19%
Aspirorbe
19%
Coffre Lourd
19%
Coffre Mignon
19%
Cor de Roche
19%
Croc Rasoir
19%
Désamorbe
19%
Disparigraine
19%
Ecailledraco
19%
Epouvantorbe
19%
Hâtigraine
19%
Insomniscope
19%
Loborbe
19%
Obi Goinfrex
19%
Pépingraine
19%
Phytocorne
19%
Piègeorbe
19%
Pierre Givre
19%
Pierre Mousse
19%
Pierre Ovale
19%
Projectorbe
19%
Ruban Ardeur
19%
Ruban Calme
19%
Ruban Joie
19%
Sablorbe
19%
Soufflorbe
19%
Spatiosphère
19%
Télécharpe
19%
Turban
19%
Vaporisorbe
19%
Voile Vénus
19%
Anti-Adhésif
16%
Aversorbe
16%
Bandana Zinc
16%
Boîtemiracle
16%
Boîteprodige
16%
Boostorbe
16%
Butin Perdu
16%
Coffre Chic
16%
Coffre Faste
16%
Coffre Léger
16%
Concentrorbe
16%
Dent Océan
16%
Don du Ciel
16%
Eblouigraine
16%
Ecailleocéan
16%
Fossile Rare
16%
Grif. Rasoir
16%
Invisiblorbe
16%
Larme Ambrée
16%
Maxiorbe
16%
Objetorbe
16%
Passmurorbe
16%
Pépitgraine
16%
Permutorbe
16%
Pierre Zarbi
16%
Ruban Alarme
16%
Tempêtorbe
16%
Ampli-Adhésif
13%
Besicles
13%
Boost Q.I.
13%
Carmachécaille
13%
Ceinture
13%
Climaprotect
13%
Coffre Luisant
13%
Coffre Rutilant
13%
Coffre Sinistre
13%
CT Utilisée
13%
Dérivation
13%
Détectorbe
13%
Ecrasorbe
13%
Envoûtorbe
13%
Esquivorbe
13%
Froussorbe
13%
Identificorbe
13%
Oeuf Miracle
13%
Rayons Y
13%
Ricoch'Objet
13%
Roc Couronné
13%
Silencieux
13%
Transforbe
13%
Voile Cible
13%
Voil'Esquive
13%
Binocles
10%
Cacnepic
10%
Catapultorbe
10%
Coffre Délicat
10%
Corapic
10%
Croc d'Or
10%
Dépouillorbe
10%
Dévi'Objet
10%
Doublorbe
10%
Evit'Objet
10%
Immobilisorbe
10%
Passetout
10%
Perçorbe
10%
Rebondorbe
10%
Rélévateur
10%
Révélateur
10%
Ruban Famine
10%
Saisiorbe
10%
Silensorbe
10%
Solidifiorbe
10%
Trappeur
10%
Viseur
10%
Aucun quiz correspondant
Distribution des résultats
% des personnes avec chaque résultat
Percentile par nombre de réponses
Votre historique - résultats
Vous n’avez pas pris ce quiz